Computational theories of interaction and agency

Αποθηκεύτηκε σε:
Λεπτομέρειες βιβλιογραφικής εγγραφής
Άλλοι συγγραφείς: Agre, Philip (Επιμελητής έκδοσης), Rosenschein, Stanley J. (Επιμελητής έκδοσης)
Μορφή: Βιβλίο
Γλώσσα:English
Δημοσίευση: Cambridge : MIT Press, 1996
Σειρά:Artificial intelligence (Cambridge, Mass.)
Θέματα:
Ετικέτες: Προσθήκη ετικέτας
Δεν υπάρχουν, Καταχωρήστε ετικέτα πρώτοι!

MARC

LEADER 00000nam a2200000 i 4500
001 1/74256
008 990520s1996 eng d
020 |a 0-262-51090-1 
035 |l 10049017 
040 |a GR-MY-UA  |b gre  |e aacr 
041 0 |a eng 
082 0 |a 006.3 
245 1 0 |a Computational theories of interaction and agency /  |c edited by Philip E. Agre and Stanley J. Rosenschein 
260 |a Cambridge :   |b MIT Press,   |c 1996 
300 |a vi, 767 p.;  |b ill.;  |c 26 cm. 
490 1 |a Artificial intelligence 
500 |a "Reprinted from Artificial intelligence, volume 72, numbers 1-2 (January 1995) and volume 73, numbers 1-2 (February 1995)" 
500 |a Includes bibliographical references 
650 0 0 |a Artificial intelligence  |x Data processing. 
650 0 0 |a Computational complexity. 
700 1 |a Agre, Philip.  |4 edt 
700 1 |a Rosenschein, Stanley J.  |4 edt 
830 0 |a Artificial intelligence (Cambridge, Mass.) 
852 |a INST  |b SAMOS  |e 19990520  |h 006.3 COM  |p 005300012814  |q 005300012814  |t BK  |y 0 
901 |a BIBL3-1999-2 
909 |a Σ  |b 063826 
922 |a 3ΕΛΗ  |b 199901  |c ΚΠΣ  |d GLORY 
950 |a 116-1998-08-10